|
|
|
|
| LEADER |
04117nam a2200577 4500 |
| 001 |
978-3-319-95405-9 |
| 003 |
DE-He213 |
| 005 |
20191025192254.0 |
| 007 |
cr nn 008mamaa |
| 008 |
180917s2018 gw | s |||| 0|eng d |
| 020 |
|
|
|a 9783319954059
|9 978-3-319-95405-9
|
| 024 |
7 |
|
|a 10.1007/978-3-319-95405-9
|2 doi
|
| 040 |
|
|
|d GrThAP
|
| 050 |
|
4 |
|a LC8-6691
|
| 072 |
|
7 |
|a JNF
|2 bicssc
|
| 072 |
|
7 |
|a EDU034000
|2 bisacsh
|
| 072 |
|
7 |
|a JNF
|2 thema
|
| 082 |
0 |
4 |
|a 379
|2 23
|
| 100 |
1 |
|
|a Beach, Dennis.
|e author.
|4 aut
|4 http://id.loc.gov/vocabulary/relators/aut
|
| 245 |
1 |
0 |
|a Structural Injustices in Swedish Education
|h [electronic resource] :
|b Academic Selection and Educational Inequalities /
|c by Dennis Beach.
|
| 250 |
|
|
|a 1st ed. 2018.
|
| 264 |
|
1 |
|a Cham :
|b Springer International Publishing :
|b Imprint: Palgrave Macmillan,
|c 2018.
|
| 300 |
|
|
|a VII, 346 p.
|b online resource.
|
| 336 |
|
|
|a text
|b txt
|2 rdacontent
|
| 337 |
|
|
|a computer
|b c
|2 rdamedia
|
| 338 |
|
|
|a online resource
|b cr
|2 rdacarrier
|
| 347 |
|
|
|a text file
|b PDF
|2 rda
|
| 505 |
0 |
|
|a 1.The Myth of Swedish Education Equity -- 2.Education Differentiation Within Contemporary Globalization: A Meta-ethnographic Analysis of the Conferral of Power and Status in Modern Education Systems -- 3.Performativity, Creativity and Personalised Learning -- 4.Twelve Years of Upper-Secondary Education in Sweden: The Beginnings of a Neo-Liberal Policy Hegemony? -- 5.Social Class Stereotypes in Upper-Secondary School -- 6.Higher Education Expansion and Student Choices: A Critical Analysis -- 7.A Meta-ethnography of Research on Education Justice and Inclusion in Sweden with a Focus on Territorially Stigmatised Areas -- 8.Education Markets and Inequalities -- 9.Conclusions: Reconsidering Sweden's International Contemporary Recognition and Historical Standing in Regard to Matters of Educational Justice and Equity.
|
| 520 |
|
|
|a While Sweden is often viewed as a benchmark for equality within education, this book examines this assumption in greater depth. The author argues that Sweden's education system - even prior to the global spread of neoliberalism in education, meta-policies and privatization - was never particularly equal. Instead, what became apparent was a system that offered advantages to the upper social classes under a sheen of meritocracy and tolerable inequalities. Combining ethnographic and meta-ethnographic methodologies and analyses, the author examines the phenomenon of structural injustice in the Swedish education system both vertically and diachronically across a period of intensive transformation and reform. This revealing volume offers a mode of engagement that will be of value and interest to researchers and students of injustices within education, as well as policy makers and practitioners.
|
| 650 |
|
0 |
|a Educational policy.
|
| 650 |
|
0 |
|a Education and state.
|
| 650 |
|
0 |
|a Educational sociology.
|
| 650 |
|
0 |
|a Educational sociology .
|
| 650 |
|
0 |
|a Education and sociology.
|
| 650 |
|
0 |
|a School management and organization.
|
| 650 |
|
0 |
|a School administration.
|
| 650 |
|
0 |
|a International education .
|
| 650 |
|
0 |
|a Comparative education.
|
| 650 |
1 |
4 |
|a Educational Policy and Politics.
|0 http://scigraph.springernature.com/things/product-market-codes/O19000
|
| 650 |
2 |
4 |
|a Sociology of Education.
|0 http://scigraph.springernature.com/things/product-market-codes/O29000
|
| 650 |
2 |
4 |
|a Sociology of Education.
|0 http://scigraph.springernature.com/things/product-market-codes/X22070
|
| 650 |
2 |
4 |
|a Administration, Organization and Leadership.
|0 http://scigraph.springernature.com/things/product-market-codes/O17000
|
| 650 |
2 |
4 |
|a International and Comparative Education.
|0 http://scigraph.springernature.com/things/product-market-codes/O13000
|
| 710 |
2 |
|
|a SpringerLink (Online service)
|
| 773 |
0 |
|
|t Springer eBooks
|
| 776 |
0 |
8 |
|i Printed edition:
|z 9783319954042
|
| 776 |
0 |
8 |
|i Printed edition:
|z 9783319954066
|
| 776 |
0 |
8 |
|i Printed edition:
|z 9783030070304
|
| 856 |
4 |
0 |
|u https://doi.org/10.1007/978-3-319-95405-9
|z Full Text via HEAL-Link
|
| 912 |
|
|
|a ZDB-2-EDA
|
| 950 |
|
|
|a Education (Springer-41171)
|